[Event "EU-ch (Women)"]
[Site "Batumi"]
[Date "2000.05.30"]
[Round "2.4"]
[White "Madl, Ildiko"]
[Black "Vasilevich, Tatjana"]
[Result "1-0"]
[WhiteElo "2408"]
[BlackElo "2409"]
[PlyCount "81"]
[EventDate "2000.05.27"]
[EventType "k.o."]
[EventRounds "5"]
[EventCountry "GEO"]
[SourceTitle "CBM 076 Extra"]
[Source "ChessBase"]
[SourceDate "2000.07.11"]
[SourceVersion "1"]
[SourceVersionDate "2000.07.11"]
[SourceQuality "1"]

1. e4 c5 2. Nf3 e6 3. d4 cxd4 4. Nxd4 Nf6 5. Nc3 d6 6. g4 h6 7. Be3 a6 8. h3
Nc6 9. Bg2 Qc7 10. f4 Bd7 11. Nb3 b5 12. O-O Be7 13. a3 Rc8 14. Kh1 O-O 15. Qf3
Na5 16. Nxa5 Qxa5 17. g5 hxg5 18. fxg5 Nh7 19. Qh5 Rxc3 20. bxc3 Qxc3 21. Rae1
g6 22. Qg4 Bc8 23. h4 e5 24. Qf3 Be6 25. Rg1 Rc8 26. Bh3 Bxh3 27. Qxh3 Qxc2 28.
Rg2 Qxe4 29. Qxc8+ Nf8 30. Qg4 Qb7 31. Rf1 Ne6 32. Kg1 d5 33. Qf3 Nd8 34. h5 d4
35. Qxb7 Nxb7 36. Bc1 Nd6 37. hxg6 fxg6 38. Rgf2 a5 39. Rf6 d3 40. Rxg6+ Kh7
41. Re6 1-0

[Event "EU-ch (Women)"]
[Site "Batumi"]
[Date "2000.06.03"]
[Round "3.2"]
[White "Madl, Ildiko"]
[Black "Chiburdanidze, Maia"]
[Result "1-0"]
[WhiteElo "2408"]
[BlackElo "2545"]
[PlyCount "43"]
[EventDate "2000.05.27"]
[EventType "k.o."]
[EventRounds "5"]
[EventCountry "GEO"]
[SourceTitle "CBM 076 Extra"]
[Source "ChessBase"]
[SourceDate "2000.07.11"]
[SourceVersion "1"]
[SourceVersionDate "2000.07.11"]
[SourceQuality "1"]

1. e4 c5 2. Nf3 d6 3. d4 cxd4 4. Nxd4 Nf6 5. Nc3 Nc6 6. Bc4 e6 7. Be3 a6 8. Bb3
Qc7 9. f4 Na5 10. f5 Nxb3 11. axb3 Rb8 12. fxe6 fxe6 13. O-O b5 14. b4 Be7 15.
h3 O-O 16. Qb1 d5 17. exd5 exd5 18. Qa2 Bxh3 19. Nxd5 Qg3 20. Nf4+ Kh8 21. Rf3
Qg4 22. Rxh3 1-0

[Event "HUN-YUG (Women)"]
[Site "Szeged"]
[Date "2000.06.26"]
[Round "2.1"]
[White "Madl, Ildiko"]
[Black "Maric, Alisa"]
[Result "1-0"]
[WhiteElo "2408"]
[BlackElo "2463"]
[PlyCount "87"]
[EventDate "2000.06.25"]
[EventType "team"]
[EventRounds "2"]
[EventCountry "HUN"]
[SourceTitle "CBM 076 Extra"]
[Source "ChessBase"]
[SourceDate "2000.07.11"]
[SourceVersion "1"]
[SourceVersionDate "2000.07.11"]
[SourceQuality "1"]

1. e4 c6 2. d4 d5 3. Nc3 dxe4 4. Nxe4 Nd7 5. Ng5 Ngf6 6. Bd3 e6 7. N1f3 Bd6 8.
Qe2 h6 9. Ne4 Nxe4 10. Qxe4 Nf6 11. Qe2 Qc7 12. Bd2 b6 13. O-O-O Bb7 14. Ne5
O-O-O 15. f4 Kb8 16. Rhf1 c5 17. dxc5 Bxc5 18. g4 Nd5 19. a3 f6 20. Ng6 Rhe8
21. h4 Ne7 22. Nxe7 Rxe7 23. g5 f5 24. gxh6 gxh6 25. Be3 Red7 26. Bxc5 Qxc5 27.
Kb1 Rd6 28. Rg1 Qd4 29. Rdf1 Qf6 30. h5 Qf7 31. Rg6 Be4 32. Bxe4 fxe4 33. Qxe4
Rd1+ 34. Rxd1 Rxd1+ 35. Ka2 e5+ 36. b3 exf4 37. Qe5+ Qc7 38. Rg8+ Kb7 39. Rg7
Rd7 40. Qe4+ Kb8 41. Rxd7 Qxd7 42. Qxf4+ Kb7 43. Qxh6 a5 44. Qg6 1-0

[Event "Olympiad Women-34"]
[Site "Istanbul"]
[Date "2000.11.02"]
[Round "6.1"]
[White "Socko, Monika"]
[Black "Madl, Ildiko"]
[Result "0-1"]
[WhiteElo "2403"]
[BlackElo "2418"]
[PlyCount "144"]
[EventDate "2000.10.28"]
[EventType "team-swiss"]
[EventRounds "14"]
[EventCountry "TUR"]
[SourceTitle "EXT 2001"]
[Source "ChessBase"]
[SourceDate "2000.11.22"]
[SourceVersion "1"]
[SourceVersionDate "2000.11.22"]
[SourceQuality "1"]
[WhiteTeam "Poland (W)"]
[BlackTeam "Hungary (W)"]
[WhiteTeamCountry "POL"]
[BlackTeamCountry "HUN"]

1. d4 d5 2. Nf3 Nf6 3. c4 c6 4. Nc3 e6 5. cxd5 exd5 6. Qc2 g6 7. Bg5 Be7 8. e3
Bf5 9. Bd3 Bxd3 10. Qxd3 Nbd7 11. O-O O-O 12. a3 a5 13. Rae1 Re8 14. Bxf6 Bxf6
15. Nd2 Bg7 16. Kh1 Qb6 17. Na4 Qc7 18. Rc1 Bf8 19. f3 Bh6 20. Rfe1 Rad8 21.
Nf1 Nb6 22. Nxb6 Qxb6 23. Rc2 Re6 24. Rce2 Bg7 25. Rc1 Rde8 26. Rd1 a4 27. f4
Ra8 28. f5 Ree8 29. Rf2 Ra5 30. f6 Bh6 31. Qc2 Re6 32. h4 Qd8 33. g4 Rxf6 34.
Rh2 Bg7 35. h5 Qe7 36. Qd2 Qe4+ 37. Rg2 Ra8 38. Qe2 Re8 39. Kg1 Bf8 40. g5 Rfe6
41. Re1 Bd6 42. Rg4 Qf5 43. Ng3 Bxg3 44. Rxg3 Re4 45. hxg6 fxg6 46. Qf2 Qe6 47.
Qd2 Rg4 48. Rxg4 Qxg4+ 49. Qg2 Re4 50. Re2 Qxg2+ 51. Kxg2 Rg4+ 52. Kf3 Rxg5 53.
e4 dxe4+ 54. Rxe4 Kf7 55. d5 Rxd5 56. Rxa4 Rd3+ 57. Kg4 Rb3 58. Rf4+ Kg7 59.
Rf2 h5+ 60. Kg5 Rb5+ 61. Kh4 Kh6 62. b4 Rd5 63. Rf7 Rd4+ 64. Kg3 b5 65. Rf3 Rc4
66. Rd3 h4+ 67. Kh3 Kh5 68. Rf3 g5 69. Rd3 g4+ 70. Kg2 Rc2+ 71. Kg1 h3 72. Rd6
g3 0-1

[Event "HUN-chT 0001"]
[Site "Hungary"]
[Date "2000.12.17"]
[Round "3"]
[White "Madl, Ildiko"]
[Black "Vujosevic, Vladimir"]
[Result "1-0"]
[WhiteElo "2418"]
[BlackElo "2413"]
[PlyCount "83"]
[EventDate "2000.11.26"]
[EventType "team"]
[EventRounds "11"]
[EventCountry "HUN"]
[SourceTitle "EXT 2009"]
[Source "ChessBase"]
[SourceDate "2008.11.26"]
[SourceVersion "1"]
[SourceVersionDate "2008.11.26"]
[SourceQuality "1"]
[WhiteTeam "Honved"]
[BlackTeam "Postas"]
[WhiteTeamCountry "HUN"]
[BlackTeamCountry "HUN"]

1. e4 e5 2. Nf3 Nc6 3. Bb5 a6 4. Ba4 Nf6 5. O-O b5 6. Bb3 Bb7 7. c3 h6 8. d4 d6
9. Nbd2 g6 10. Bc2 Bg7 11. Nb3 Nd7 12. a4 O-O 13. d5 Ne7 14. Na5 Qb8 15. b3 f5
16. c4 fxe4 17. Bxe4 Nf6 18. Qc2 Nxe4 19. Qxe4 bxc4 20. bxc4 Bc8 21. c5 Bf5 22.
Qc4 Qe8 23. Ba3 Rf6 24. Nb7 Nc8 25. Rfe1 Qf7 26. Rac1 g5 27. Nd8 Qd7 28. Nc6
Rf7 29. Qb4 Ne7 30. Nxe7+ Qxe7 31. cxd6 cxd6 32. Qxd6 Qxd6 33. Bxd6 Rd8 34. Rc6
e4 35. Nd2 Rfd7 36. Nc4 Kf7 37. h3 a5 38. Bc7 Rc8 39. Nd6+ Rxd6 40. Bxd6 Rd8
41. Rb1 Bd4 42. Rb7+ 1-0

[Event "Nice op 8th"]
[Site "Nice"]
[Date "2001.08.08"]
[Round "4"]
[White "Bujisho, Benjamin"]
[Black "Madl, Ildiko"]
[Result "0-1"]
[WhiteElo "2381"]
[BlackElo "2420"]
[PlyCount "63"]
[EventDate "2001.08.06"]
[EventType "swiss"]
[EventRounds "7"]
[EventCountry "FRA"]
[SourceTitle "EXT 2002"]
[Source "ChessBase"]
[SourceDate "2001.11.25"]
[SourceVersion "1"]
[SourceVersionDate "2001.11.25"]
[SourceQuality "1"]

1. d4 d5 2. c4 c6 3. e3 Nf6 4. Nc3 e6 5. Nf3 Nbd7 6. Bd3 dxc4 7. Bxc4 b5 8. Bd3
Bb7 9. O-O a6 10. e4 c5 11. d5 Qc7 12. dxe6 fxe6 13. Qe2 c4 14. Bc2 Bd6 15. a3
O-O 16. g3 Rae8 17. Nd4 Bc5 18. Be3 Ne5 19. b4 cxb3 20. Bxb3 Bxd4 21. Bxd4 Nfd7
22. f4 Nc6 23. Qe3 Nxd4 24. Qxd4 Nc5 25. Ba2 Rd8 26. Qf2 Kh8 27. Qe2 Nb3 28.
Bxb3 Qxc3 29. Bxe6 Rd2 30. Qe1 Qd4+ 31. Rf2 Rxf2 32. Rd1 0-1

[Event "AUT-chT 0102"]
[Site "Austria"]
[Date "2002.01.17"]
[Round "5.3"]
[White "Madl, Ildiko"]
[Black "Weinzettl, Ernst"]
[Result "1-0"]
[WhiteElo "2426"]
[BlackElo "2415"]
[PlyCount "89"]
[EventDate "2001.10.31"]
[EventType "team-tourn"]
[EventRounds "11"]
[EventCountry "AUT"]
[SourceTitle "EXT 2002"]
[Source "ChessBase"]
[SourceDate "2001.11.25"]
[SourceVersion "1"]
[SourceVersionDate "2001.11.25"]
[SourceQuality "1"]
[WhiteTeam "Salzburg 1. SSK Mozart"]
[BlackTeam "Jenbach SK Sparkasse"]
[WhiteTeamCountry "AUT"]
[BlackTeamCountry "AUT"]

1. e4 e6 2. d4 d5 3. Nc3 Nf6 4. Bg5 Be7 5. e5 Nfd7 6. Bxe7 Qxe7 7. f4 a6 8. Nf3
b6 9. g3 c5 10. Bg2 Nc6 11. Qd2 O-O 12. O-O a5 13. a3 cxd4 14. Nxd4 Nxd4 15.
Qxd4 Qc5 16. Rad1 Ba6 17. Rf2 Qxd4 18. Rxd4 Rac8 19. Bh3 Nc5 20. Nxd5 exd5 21.
Bxc8 Rxc8 22. Rxd5 g6 23. Rd4 Bb7 24. Rfd2 Kg7 25. Rd8 Rc6 26. R2d6 Rc7 27.
Rxb6 Ne6 28. Rd2 Be4 29. c3 g5 30. Kf2 gxf4 31. gxf4 Bf5 32. Ke3 Rc4 33. Rg2+
Kh6 34. Rf2 Kh5 35. Rb7 Re4+ 36. Kd2 Nc5 37. Rxf7 Nb3+ 38. Kd1 Bg4+ 39. Kc2 a4
40. f5 Rxe5 41. h3 Be2 42. Rxh7+ Kg5 43. Rg7+ Kf6 44. Rg6+ Kf7 45. Re6 1-0

[Event "Zalakaros op 27th"]
[Site "Zalakaros"]
[Date "2008.05.28"]
[Round "7"]
[White "Madl, Ildiko"]
[Black "Guliyev, Namig"]
[Result "1-0"]
[WhiteElo "2379"]
[BlackElo "2542"]
[PlyCount "63"]
[EventDate "2008.05.22"]
[EventType "swiss"]
[EventRounds "9"]
[EventCountry "HUN"]
[SourceTitle "CBM 124 Extra"]
[Source "ChessBase"]
[SourceDate "2008.07.03"]
[SourceVersion "1"]
[SourceVersionDate "2008.07.03"]
[SourceQuality "1"]

1. e4 c5 2. Nf3 d6 3. d4 cxd4 4. Nxd4 Nf6 5. Nc3 a6 6. Be3 e6 7. g4 b5 8. g5
Nfd7 9. a3 Bb7 10. h4 Be7 11. Qd2 Nc6 12. Nxc6 Bxc6 13. f4 Rb8 14. Bg2 a5 15.
Ne2 Nc5 16. Ng3 O-O 17. O-O Re8 18. f5 Bf8 19. f6 g6 20. h5 b4 21. hxg6 hxg6
22. Rf4 bxa3 23. bxa3 Rb2 24. Bf3 Qb8 25. Qh2 Rb1+ 26. Rxb1 Qxb1+ 27. Nf1 Bb5
28. Bg2 Bxf1 29. Bxf1 Qa1 30. Rh4 Bg7 31. fxg7 Kxg7 32. Qxd6 1-0

[Event "Olympiad Women-39"]
[Site "Khanty-Mansiysk"]
[Date "2010.09.24"]
[Round "4.3"]
[White "Zatonskih, Anna"]
[Black "Madl, Ildiko"]
[Result "0-1"]
[WhiteElo "2480"]
[BlackElo "2397"]
[PlyCount "94"]
[EventDate "2010.09.21"]
[EventType "team-swiss"]
[EventRounds "11"]
[EventCountry "RUS"]
[SourceTitle "CBM 139"]
[Source "ChessBase"]
[SourceDate "2010.11.18"]
[SourceVersion "1"]
[SourceVersionDate "2010.11.18"]
[SourceQuality "1"]
[WhiteTeam "US of America (W)"]
[BlackTeam "Hungary (W)"]
[WhiteTeamCountry "USA"]
[BlackTeamCountry "HUN"]

1. d4 d5 2. c4 dxc4 3. Nf3 a6 4. e3 Bg4 5. Bxc4 e6 6. h3 Bh5 7. Qb3 Bxf3 8.
gxf3 Ra7 9. Nc3 b5 10. Be2 Nf6 11. Qc2 Nbd7 12. Ne4 Bb4+ 13. Bd2 Bxd2+ 14. Nxd2
Qe7 15. a4 b4 16. f4 O-O 17. Nb3 Rc8 18. Qc6 a5 19. Rc1 Nd5 20. Rg1 Rd8 21. Bf3
N7b6 22. Nc5 h6 23. Ke2 Qd6 24. Qb5 c6 25. Qd3 Qe7 26. Rg2 Kh8 27. Rcg1 Rg8 28.
Be4 f5 29. Bxd5 Nxd5 30. Rg6 Nf6 31. Qc4 Kh7 32. Qxe6 Qxe6 33. Nxe6 Ng4 34.
Rxg7+ Raxg7 35. Nxg7 Nf6 36. Rc1 Rxg7 37. Rxc6 Ne4 38. f3 Rg2+ 39. Kf1 Rf2+ 40.
Ke1 Rxf3 41. Ke2 Rf2+ 42. Kd3 Rxb2 43. Ra6 Rd2+ 44. Kc4 Rc2+ 45. Kd5 b3 46. Ke6
b2 47. Kxf5 b1=Q 0-1

[Event "Olympiad Women-39"]
[Site "Khanty-Mansiysk"]
[Date "2010.09.27"]
[Round "6.3"]
[White "Zawadzka, Jolanta"]
[Black "Madl, Ildiko"]
[Result "0-1"]
[WhiteElo "2410"]
[BlackElo "2397"]
[PlyCount "94"]
[EventDate "2010.09.21"]
[EventType "team-swiss"]
[EventRounds "11"]
[EventCountry "RUS"]
[SourceTitle "CBM 139"]
[Source "ChessBase"]
[SourceDate "2010.11.18"]
[SourceVersion "1"]
[SourceVersionDate "2010.11.18"]
[SourceQuality "1"]
[WhiteTeam "Poland (W)"]
[BlackTeam "Hungary (W)"]
[WhiteTeamCountry "POL"]
[BlackTeamCountry "HUN"]

1. e4 c5 2. Nf3 Nc6 3. d4 cxd4 4. Nxd4 Nf6 5. Nc3 d6 6. Bg5 e6 7. Qd2 Be7 8.
O-O-O O-O 9. f4 Nxd4 10. Qxd4 Qa5 11. e5 dxe5 12. Qxe5 Qxe5 13. fxe5 Nd5 14.
Bxe7 Nxe7 15. Bd3 b6 16. Be4 Rb8 17. Rhe1 Bb7 18. Rd7 Bxe4 19. Rxe4 Nc6 20. Nb5
Rfd8 21. Rd6 Rxd6 22. exd6 a6 23. Nc7 Rd8 24. Rc4 Ne5 25. Rd4 a5 26. c4 g5 27.
Kc2 Nc6 28. Rd1 e5 29. Kc3 Nd4 30. Nb5 Kf8 31. Nxd4 Rxd6 32. Rd3 exd4+ 33. Rxd4
Ke7 34. Rxd6 Kxd6 35. Kd4 f5 36. b3 h5 37. a3 h4 38. b4 a4 39. c5+ bxc5+ 40.
bxc5+ Kc6 41. g3 h3 42. Ke5 f4 43. gxf4 gxf4 44. Kxf4 Kxc5 45. Kg3 Kc4 46. Kxh3
Kb3 47. Kg4 Kxa3 0-1

[Event "George Marx Memorial (Women) 9th"]
[Site "Paks"]
[Date "2011.06.23"]
[Round "6"]
[White "Madl, Ildiko"]
[Black "Mkrtchian, Lilit"]
[Result "1-0"]
[WhiteElo "2405"]
[BlackElo "2468"]
[PlyCount "79"]
[EventDate "2011.06.17"]
[EventType "tourn"]
[EventRounds "10"]
[EventCountry "HUN"]
[EventCategory "5"]
[SourceTitle "CBM 143 Extra"]
[Source "ChessBase"]
[SourceDate "2011.08.29"]
[SourceVersion "1"]
[SourceVersionDate "2011.08.29"]
[SourceQuality "1"]

1. e4 c6 2. d4 d5 3. Nc3 dxe4 4. Nxe4 Bf5 5. Ng3 Bg6 6. Bc4 e6 7. N1e2 Bd6 8.
h4 h6 9. Nf4 Bxf4 10. Bxf4 Nf6 11. Bb3 Nbd7 12. Qf3 a5 13. a4 O-O 14. h5 Bh7
15. O-O Qb6 16. Rad1 Rfd8 17. Rfe1 Rac8 18. Bd6 Re8 19. Bf4 Red8 20. Bd6 c5 21.
dxc5 Nxc5 22. Bxc5 Qxc5 23. Qxb7 Nxh5 24. Nxh5 Qxh5 25. Rxd8+ Rxd8 26. Qb5 Bf5
27. Qxa5 Rd4 28. Qa8+ Kh7 29. Qf3 Qg5 30. a5 Rf4 31. Qc6 Rg4 32. a6 Qd2 33. Qc3
Qg5 34. Qf3 Rf4 35. Qe3 Be4 36. Qxe4+ Rxe4 37. Rxe4 Qa5 38. Ra4 Qh5 39. g4 Qe5
40. a7 1-0